|
|
|
|
| LEADER |
00000nam0a2200000 4500 |
| 001 |
189903 |
| 005 |
20231101224237.0 |
| 010 |
|
|
|a 9780194388627
|
| 035 |
|
|
|a (RuTPU)RU\TPU\book\206646
|
| 035 |
|
|
|a RU\TPU\book\90579
|
| 090 |
|
|
|a 189903
|
| 100 |
|
|
|a 20051027d2009 m y0engy50 ba
|
| 101 |
0 |
|
|a eng
|
| 102 |
|
|
|a US
|
| 105 |
|
|
|a a j 000zy
|
| 200 |
1 |
|
|a Natural English. Reading Writing Skills. Pre-intermediate
|f T. Clementson
|e Resource Book
|
| 210 |
|
|
|a New York
|c Oxford University Press
|d 2009
|
| 215 |
|
|
|a 64 p.
|c il.
|
| 330 |
|
|
|a The Reading and writing resource books series is a flexible photocopiable resource for teachers. At each level, you can use the material alongside the natural English student's book as extra topic-related skills work or on its own as a dip-in resource. The lessons are based around topical, authentic texts and practise a range of reading and writing skills ideal for students who are on general English courses, doing academic studies, or working.
|
| 606 |
1 |
|
|a Английский язык
|x Учебные руководства и пособия
|x Учебные руководства и пособия для высшей школы
|2 stltpush
|3 (RuTPU)RU\TPU\subj\29071
|9 52483
|
| 610 |
1 |
|
|a лексика
|
| 610 |
1 |
|
|a аудирование
|
| 610 |
1 |
|
|a чтение
|
| 610 |
1 |
|
|a письмо
|
| 610 |
1 |
|
|a упражнения
|
| 610 |
1 |
|
|a практические пособия
|
| 686 |
|
|
|a Ш143.21-923
|v LBC/SL-A
|2 rubbk
|
| 700 |
|
1 |
|a Clementson
|b T.
|g Theresa
|
| 801 |
|
1 |
|a RU
|b 63413507
|c 20110113
|
| 801 |
|
2 |
|a RU
|b 63413507
|c 20200605
|g RCR
|
| 942 |
|
|
|c BK
|
| 959 |
|
|
|a 2/20110112
|d 2
|e 1211,00
|f ЧЗИЛ:1
|f ЯЦ_Медиатека:1
|